000 00283nam a22001337a 4500
008 170923b xxu||||| |||| 00| 0 eng d
020 _a9780135008799
041 _aeng
080 _a37
100 _a46
101 _aEDU
245 _aWRITING TALK
_cWINKLER, A.C
942 _2udc
_cBK
999 _c29345
_d29345